<?xml version="1.0" encoding="UTF-8"?>
<record
    xmlns:xsi="http://www.w3.org/2001/XMLSchema-instance"
    xsi:schemaLocation="http://www.loc.gov/MARC21/slim http://www.loc.gov/standards/marcxml/schema/MARC21slim.xsd"
    xmlns="http://www.loc.gov/MARC21/slim">

  <leader>01373nam a22002771i 4500</leader>
  <controlfield tag="001">78635</controlfield>
  <controlfield tag="003">BD-RjUL</controlfield>
  <controlfield tag="005">20211209083145.0</controlfield>
  <controlfield tag="008">211025s    1937le       b    00010 arax </controlfield>
  <datafield tag="020" ind1=" " ind2=" ">
    <subfield code="c">&#xA3;E4.00</subfield>
  </datafield>
  <datafield tag="035" ind1=" " ind2=" ">
    <subfield code="a">(BD-RjUL)78861</subfield>
  </datafield>
  <datafield tag="040" ind1=" " ind2=" ">
    <subfield code="c">NN</subfield>
    <subfield code="d">NN</subfield>
    <subfield code="d">UkOxU</subfield>
    <subfield code="a">BD-RjUL</subfield>
    <subfield code="b">eng</subfield>
  </datafield>
  <datafield tag="041" ind1=" " ind2=" ">
    <subfield code="a">ara</subfield>
  </datafield>
  <datafield tag="082" ind1=" " ind2=" ">
    <subfield code="2">23</subfield>
    <subfield code="a">892.71</subfield>
    <subfield code="b">MAT 1937</subfield>
  </datafield>
  <datafield tag="100" ind1=" " ind2=" ">
    <subfield code="a">&#x645;&#x64A;&#x645;&#x648;&#x646;&#x64A;, &#x639;&#x628;&#x62F; &#x627;&#x644;&#x639;&#x632;&#x64A;&#x632;;;  Maimani , Abdul Aziz ,</subfield>
    <subfield code="9">249331</subfield>
  </datafield>
  <datafield tag="245" ind1="0" ind2="3">
    <subfield code="a">&#x627;&#x644;&#x637;&#x631;&#x627;&#x626;&#x641; &#x627;&#x644;&#x623;&#x62F;&#x628;&#x64A;&#x629;  ;; al-&#x1E6C;ar&#x101;&#x2BC;if al-adab&#x12B;yah /</subfield>
    <subfield code="c">&#x635;&#x62D;&#x62D;&#x647; &#x648;&#x62E;&#x631;&#x62C;&#x647; &#x648;&#x639;&#x627;&#x631;&#x636;&#x647; &#x639;&#x644;&#x649; &#x627;&#x644;&#x646;&#x633;&#x62E; &#x627;&#x644;&#x645;&#x62E;&#x62A;&#x644;&#x641;&#x629; &#x648;&#x630;&#x64A;&#x644;&#x647; &#x639;&#x628;&#x62F; &#x627;&#x644;&#x639;&#x632;&#x64A;&#x632; &#x627;&#x644;&#x645;&#x64A;&#x645;&#x646;&#x64A;.;; &#x1E63;a&#x1E25;&#x1E25;a&#x1E25;ahu wa-kharrajahu wa-&#x2BF;&#x101;ra&#x1E0D;ahu &#x2BF;al&#xE1; al-nusakh al-mukhtalifah wa-dhayyalahu &#x2BF;Abd al-&#x2BF;Az&#x12B;z al-Mayman&#x12B;.</subfield>
  </datafield>
  <datafield tag="260" ind1=" " ind2=" ">
    <subfield code="6">880-02</subfield>
    <subfield code="a">Bayr&#x16B;t :</subfield>
    <subfield code="b">D&#x101;r al-Kutub al-&#x2BF;Ilm&#x12B;yah,</subfield>
    <subfield code="c">[197-?]</subfield>
  </datafield>
  <datafield tag="300" ind1=" " ind2=" ">
    <subfield code="a">4, 305 p. ;</subfield>
    <subfield code="c">25 cm.</subfield>
  </datafield>
  <datafield tag="500" ind1=" " ind2=" ">
    <subfield code="a">Reprint. Originally published : Cairo, 1937.</subfield>
  </datafield>
  <datafield tag="504" ind1=" " ind2=" ">
    <subfield code="a">Includes bibliographical references.</subfield>
  </datafield>
  <datafield tag="650" ind1=" " ind2="0">
    <subfield code="a">Arabic poetry.</subfield>
    <subfield code="9">249332</subfield>
  </datafield>
  <datafield tag="880" ind1="0" ind2="2">
    <subfield code="6">245-01/(3/r</subfield>
    <subfield code="a">&#x627;&#x644;&#x637;&#x631;&#x627;&#x626;&#x641; &#x627;&#x644;&#x623;&#x62F;&#x628;&#x64A;&#x629; /</subfield>
    <subfield code="c">&#x635;&#x62D;&#x62D;&#x647; &#x648;&#x62E;&#x631;&#x62C;&#x647; &#x648;&#x639;&#x627;&#x631;&#x636;&#x647; &#x639;&#x644;&#x649; &#x627;&#x644;&#x646;&#x633;&#x62E; &#x627;&#x644;&#x645;&#x62E;&#x62A;&#x644;&#x641;&#x629; &#x648;&#x630;&#x64A;&#x644;&#x647; &#x639;&#x628;&#x62F; &#x627;&#x644;&#x639;&#x632;&#x64A;&#x632; &#x627;&#x644;&#x645;&#x64A;&#x645;&#x646;&#x64A;.</subfield>
  </datafield>
  <datafield tag="880" ind1=" " ind2=" ">
    <subfield code="6">260-02/(3/r</subfield>
    <subfield code="a">&#x628;&#x64A;&#x631;&#x648;&#x62A; :</subfield>
    <subfield code="b">&#x62F;&#x627;&#x631; &#x627;&#x644;&#x6A9;&#x62A;&#x628; &#x627;&#x644;&#x639;&#x644;&#x645;&#x64A;&#x629;&#x60C;</subfield>
    <subfield code="c">[-&#x667;&#x669;&#x661;&#x61F;]</subfield>
  </datafield>
  <datafield tag="880" ind1="1" ind2=" ">
    <subfield code="6">700-03/(3/r</subfield>
    <subfield code="a">&#x631;&#x627;&#x62C;&#x6A9;&#x648;&#x62A;&#x64A;&#x60C; &#x639;&#x628;&#x62F; &#x627;&#x644;&#x639;&#x632;&#x64A;&#x632; &#x627;&#x644;&#x645;&#x64A;&#x645;&#x646;&#x64A;.</subfield>
  </datafield>
  <datafield tag="942" ind1=" " ind2=" ">
    <subfield code="2">ddc</subfield>
    <subfield code="c">BK</subfield>
  </datafield>
  <datafield tag="999" ind1=" " ind2=" ">
    <subfield code="c">78635</subfield>
    <subfield code="d">78635</subfield>
  </datafield>
  <datafield tag="952" ind1=" " ind2=" ">
    <subfield code="0">0</subfield>
    <subfield code="1">0</subfield>
    <subfield code="2">ddc</subfield>
    <subfield code="4">0</subfield>
    <subfield code="7">1</subfield>
    <subfield code="8">NFIC</subfield>
    <subfield code="a">RUCL</subfield>
    <subfield code="b">RUCL</subfield>
    <subfield code="c">Reading</subfield>
    <subfield code="d">2021-10-25</subfield>
    <subfield code="l">0</subfield>
    <subfield code="o">A 892.71 MAT 1937</subfield>
    <subfield code="r">2021-10-25 00:00:00</subfield>
    <subfield code="t">C-1</subfield>
    <subfield code="w">2021-10-25</subfield>
    <subfield code="y">BK</subfield>
  </datafield>
</record>
